000 00679nam a2200229 c 4500
001 000030714
003 RuMoIPM
005 20260602123147.0
008 250926b1964 ru ||||| |||| 00| 0 rus d
035 _a(RuMoBEN) 002316949
040 _aRuMoBEN
_brus
_ercr
041 _arus
044 _aru
080 _a511.176
100 _aВоробьев, Николай Николаевич
245 _aЧисла Фибоначчи
_cН. Н. Воробьев
250 _a2-е изд., доп.
260 _aМосква
_bНаука
_c1964
300 _a71 с.
_bчерт.
490 0 _aПопулярные лекции по математике
_vВып. 6
942 _cBK
999 _c30714
_d30714